000 03847cam a2200385 4500500
005 20260201070027.0
041 _afre
042 _adc
100 1 0 _aVictoni, Tatiana
_eauthor
700 1 0 _aProuillac, Caroline
_eauthor
245 0 0 _aPrescription des médicaments humains à usage ophtalmique chez le cheval : évolution de la liste des substances essentielles
260 _c2026.
500 _a53
520 _aLa règlementation européenne encadre strictement l’utilisation des médicaments vétérinaires, y compris en médecine équine. Lorsqu’aucune spécialité vétérinaire n’est disponible, les praticiens peuvent recourir à des médicaments humains, quelle que soit la filière, à condition qu’ils soient sur la liste des « substances essentielles » ou sur le tableau I des LMR pour les équidés destinés à la consommation. Pour ces équidés, un délai d’attente de 6 mois doit être respecté pour les substances essentielles. La liste des substances essentielles du règlement de 2013, devenue inadaptée, a été révisée par la Commission européenne. Le règlement d’exécution (UE) 2025/901, publié le 19 mai 2025, établit ainsi une nouvelle liste comprenant 75 substances. Cet article fait le point sur les médicaments ophtalmiques à usage humain : ajouts (moxifloxacine, ganciclovir, acétazolamide, etc.), modifications d’indication (aciclovir, ofloxacine, tropicamide, polymyxine B) et exclusions (dorzolamide, idoxuridine, latanoprost). Ces évolutions visent à améliorer la disponibilité thérapeutique, renforcer la pertinence clinique des prescriptions et assurer la sécurité sanitaire. Les vétérinaires doivent désormais adapter leurs choix thérapeutiques en ophtalmologie équine en tenant compte de cette nouvelle règlementation.
520 _aEuropean regulations strictly govern the use of veterinary medicines, including in equine medicine. When no veterinary medicinal product is available, practitioners may resort to human medicines in any sector, provided that these medicines are included either on the list of “essential substances” or in Table I of MRLs for Equidae intended for human consumption. For such Equidae, a six-month withdrawal period must be observed for essential substances. The list of essential substances established in the 2013 regulation, which had become outdated, has been revised by the European Commission. Implementing Regulation (EU) 2025/901, published on 19 May 2025, introduces a new list comprising 75 substances. This article focuses on human ophthalmological medicines, highlighting additions (moxifloxacin, ganciclovir, acetazolamide, etc.), modifications of indications (aciclovir, ofloxacin, tropicamide, polymyxin B), and exclusions (dorzolamide, idoxuridine, latanoprost). These changes aim to improve therapeutic availability, enhance the clinical relevance of prescriptions, and ensure health safety. Veterinarians must now adapt their therapeutic choices in equine ophthalmology in light of this new regulation.
690 _aglaucome
690 _ainfections oculaires
690 _akératite
690 _amédicaments humains
690 _amédicaments ophtalmiques
690 _arèglement (UE) 2025/90
690 _asubstances essentielles
690 _auvéite
690 _aessential substances
690 _aglaucoma
690 _ahuman medicines
690 _akeratitis
690 _aocular infections
690 _aophthalmic medicines
690 _aregulation (EU) 2025/901
690 _auveitis
690 _aveterinary prescription
786 0 _nLe Nouveau Praticien Vétérinaire - Équine | 19 | 3 | 2026-01-06 | p. 38-43 | 1767-5081
856 4 1 _uhttps://stm.cairn.info/revue-le-nouveau-praticien-veterinaire-equine-2025-3-page-38?lang=fr&redirect-ssocas=7080
999 _c1639796
_d1639796